000 00845cab a2200277 4500
001 ABS49035
008 090401t1993 xxu||||| |||| 00| 0 eng d
035 _a(Sirsi) u69587
041 _aeng
245 _aDraft Planning Policy Guidance on transport
260 _c1993
350 _a0
490 _aCS Monthly : Planning and Development bulletin
_v2(10) July/August 1993, 2-3(2)
520 _aThe RICS presents its detailed response to draft guidance on transport planning: PPG13.
650 _aDRAFT PPG
650 _aLand use
_96251
650 _aMENTOR
650 _aPLANNING POLICY
650 _aSHAPING BRITAIN FOR THE 21ST CENTURY
650 _aTRAFFIC CONGESTION
650 _aTRANSPORT PLANNING
690 _aPLANNING LAW AND PRACTICE
690 _aTRANSPORT AND COMMUNICATIONS
942 _n0
948 _c04/03/1997
999 _c43712
_d43712